000
00273nam a2200109Ia 4500
008
200302s9999 xx 000 0 und d
100
_a
Von Jurgen Joedicke
245
_a
Buro-and Verwaltungsbauten
260
_b
Karl Kramer Verlag Stuttgart
260
_c
1975
300
_a
109 P.,
999
_c
168
_d
168